000 00700cam a2200253 4500
001 J3676
008 090401t1996 xxu||||| |||| 00| 0 eng d
035 _a(Sirsi) u56406
041 _aeng
050 _a692.80994
100 _aSiddiqui, A. Wadood
245 _aNovation : and its comparison with common forms of building procurement.
260 _aAscot, berks.
_bCIOB
_c1996
300 _a8p. ; 30cm.
350 _a0
490 _aConstruction Papers
_v60
650 _aAUSTRALIA
650 _aNOVATION
650 _aPROCUREMENT METHODS
690 _aBUILT ENVIRONMENT-BUILDING CONTRACT FORMS
710 _aChartered Institute of Building
_92134
942 _n0
948 _c04/03/1997
999 _c93787
_d93787